Mathematical apocrypha : stories and anecdotes of mathematicians and the mathematical

Αποθηκεύτηκε σε:
Λεπτομέρειες βιβλιογραφικής εγγραφής
Κύριος συγγραφέας: Krantz, Steven G. (Steven George) 1951-
Μορφή: Βιβλίο
Γλώσσα:English
Δημοσίευση: [Washington, DC] : Mathematical Association of America, c2002
Σειρά:MAA spectrum
Θέματα:
Ετικέτες: Προσθήκη ετικέτας
Δεν υπάρχουν, Καταχωρήστε ετικέτα πρώτοι!

MARC

LEADER 00000nam a2200000 i 4500
001 1/61987
008 071106s2002 eng d
020 |a 0-88385-539-9 
035 |l 10092111 
040 |a GR-MY-UA  |b gre  |e aacr 
041 0 |a eng 
082 0 |a 510  |2 (22) 
100 1 |a Krantz, Steven G.  |q (Steven George)  |d 1951- 
245 1 0 |a Mathematical apocrypha :  |b stories and anecdotes of mathematicians and the mathematical /  |c Steven G. Krantz 
260 |a [Washington, DC] :   |b Mathematical Association of America,   |c c2002 
300 |a xiii, 214 σ.;  |b πορτρ.;  |c 23 εκ. 
490 1 |a MAA spectrum 
504 |a Περιλαμβάνει βιβλιογραφικές παραπομπές (σ. 207-208) και ευρετήριο 
650 0 0 |a Mathematics  |x Anecdotes. 
650 0 0 |a Mathematicians  |x Anecdotes. 
830 0 |a MAA spectrum 
852 |a INST  |b SAMOS  |e 20071106  |h 510 KRA  |p 005300027892  |q 005300027892  |t BK  |y 0 
901 |a BIBL3-2007-3 
909 |a Σ  |b 139187 
922 |a 3ΕΛΗ  |b 200709  |c ΕΠΕΑΕΚ2/ΤΜΗΜΑ ΜΑΘΗΜΑΤΙΚΩΝ  |d ΠΑΠΑΣΩΤΗΡΙΟΥ 
970 |a ΡΟΥΣΣΟΥ  |b ΚΩΝΣΤΑΝΤΙΝΑ  |z 2007/11/06